000 00329nam a2200109 4500
050 0 0 _aTD905.U33
_bN3 2000
245 2 0 _aNational sanitation guidelines /
_cby the Water and Sanitation Program -Africa Region (WSP-AF)
260 _aUganda :
_bMinistry of Health
_c2000.
300 _avi, 72 p.
650 0 _bHealth Sanitation.
942 _cGEN
999 _c801
_d801